| 000 | 00677nam a22002177a 4500 | ||
|---|---|---|---|
| 003 | BUBTL | ||
| 008 | 181224b xxu||||| |||| 00| 0 eng d | ||
| 020 | _a978-81-317-1199-6 | ||
| 082 |
_a303.69 _bCOC |
||
| 100 |
_92098 _aCorvette, Barbara A. Budjac |
||
| 245 |
_aConflict Management _bA Practical Guide to Developing Negotiation Strategies _c Barbara A. Budjac Corvette |
||
| 250 | _a1st | ||
| 260 |
_aNew Delhi _bPearson _c2007 |
||
| 300 |
_a330p . : _bGraph ; 24cm . |
||
| 500 | _aIncludes Index . | ||
| 650 | 0 |
_92099 _aManagement |
|
| 700 |
_92100 _a Barbara A. Budjac Corvette |
||
| 856 |
_k0 _l0 _yDownload |
||
| 942 |
_2ddc _cBK |
||
| 999 |
_c5851 _d5851 |
||